| 000 | 00836nam a2200265 i 4500 | ||
|---|---|---|---|
| 001 | 000037703 | ||
| 003 | DO-SdBNP | ||
| 005 | 20230810101044.0 | ||
| 007 | ta | ||
| 008 | 121115s2012 dr a 000 0 spa d | ||
| 020 | _a9789945164985 | ||
| 040 |
_aDO-SdBNP _bspa _cBNPHU _erda |
||
| 082 | 4 |
_a920.72 _bP123m _222 |
|
| 100 | 1 |
_aPadilla, Mayra _964163 _eautor |
|
| 245 | 1 | 0 |
_aMisión en Brasil / _cPadilla Mayra ; traducción Cynthia Padilla. |
| 264 |
_aSanto Domingo : _bBúho, _c2012. |
||
| 300 |
_a156 páginas : _bilustraciones ; _c23 cm. |
||
| 336 |
_2rdaconten _atexto _btxt |
||
| 337 |
_2rdamedia _asin mediación _bn |
||
| 338 |
_2rdacarrier _avolumen _bnc |
||
| 600 | 1 | 4 |
_aPadilla, Mayra, _d1952- _983930 |
| 650 | 4 |
_aMujeres dominicanas _vBiografías _981319 |
|
| 700 | 1 |
_aPadilla, Cynthia, _etraductora _964164 |
|
| 942 |
_2ddc _cLBS1 |
||
| 999 |
_c37193 _d37193 |
||